• 首页
  • 本馆介绍
  • 公告通知
  • 最新文献
  • 馆藏检索
  • 电子资源
  • 读者导购
  • 参考咨询
  • 我的图书馆
  • 登录
  • 详细信息显示
  • 放入我的书架
  • 预约/预借图书
  • 作者相关作品
  • 分类相关作品
  • 丛书相关作品
  • 出版社相关作品

书目信息

  • 表格格式
  • 工作单格式
  • 卡片格式
题名:
宗教与舞蹈
    
 
作者: 刘建 著
分册:  
出版信息: 北京   民族出版社  1998.05
页数: 482页
开本: 32开
丛书名:
单 册:
中图分类: J70-05
科图分类:
主题词: 宗教--舞蹈--影响--研究
电子资源:
ISBN: 7-105-03133-6
000 00554nam0 2200193 45
001 0105231504
005 20031219104050.0
010    @a7-105-03133-6@dCNY40.00
100    @a20010523d1998 km y0chiy0120 ea
101 0  @achi
105    @aa z 000yy
200 1  @a宗教与舞蹈@AZong Jiao Yu Wu Dao@f刘建,孙龙奎著@FLiu Jian,Sun Long Kui Zhu
210    @a北京@c民族出版社@d1998.05
215    @a482页@c冠图@d32开
606 0  @a宗教@x舞蹈@x影响@x研究
690    @aJ70-05@v4
701    @a刘建@4著
801    @aCN@bTSTC@c20010523
905    @f3@b297711-713@dJ70-05@e28
    
    宗教与舞蹈/刘建,孙龙奎著.-北京:民族出版社,1998.05
    482页:冠图;32开
    
    
    ISBN 7-105-03133-6:CNY40.00
    
●
相关链接 在E读中查询图书 在五车中查询图书 在当当中查询图书 在豆瓣中查询图书


正题名:宗教与舞蹈     索取号:J70-05/28         预约/预借

序号 登录号 条形码 馆藏地/架位号 状态 备注
1 0297711   202977118   第一借阅区/ [索取号:J70-05/28] 在馆    
2 0297712   202977127   第一借阅区/ [索取号:J70-05/28] 在馆    
3 0297713   202977136   第一样本阅览室/ [索取号:J70-05/28] 在馆    
唐山师范学院图书馆 欢迎您!
大连网信软件有限公司© 版权所有